[Event "9. Korbacher Open 2017"]
[Site "Korbach"]
[Date "2017.10.20"]
[Round "2"]
[White "Petras, Nils"]
[Black "Rehbein, Ullrich"]
[Result "1/2-1/2"]
[WhiteElo "1922"]
[BlackElo "1778"]
[Annotator "NA RC"]
[PlyCount "50"]
[EventDate "2017.??.??"]
[EventType "swiss"]
[EventCountry "GER"]
[SourceTitle "playchess.com"]
[Source "ChessBase"]
[SourceQuality "1"]
[TimeControl "40/5400+30:1800+30"]

{[%evp 8,50,12,0,24,20,31,0,0,-21,-35,-41,-33,-64,17,-5,-15,0,-8,-23,-10,-20,18,-14,53,-33,-22,32767,32767,32767,30,7,0,0,0,32767,32767,32767,32767,14,264,284,244,97,152]} 1. Nf3 {[%emt 0:01:20]} c5 {[%emt 0:02:52]} 2. g3 {[%emt 0:00:35]} Nc6 {[%emt 0:00:02]} 3. c4 {[%emt 0:01:28]} g6 {[%emt 0:02:42]} 4. Bg2 {[%emt 0:01:08]} Bg7 {[%emt 0:00:11]} 5. O-O {[%emt 0:01:08]} Nf6 {[%emt 0:02:15]} 6. Nc3 {[%emt 0:00:19]} O-O {[%emt 0:00:11]} 7. b3 {[%emt 0:04:47]} d5 {[%emt 0:03:48]} 8. cxd5 {[%emt 0:01:11]} Nxd5 {[%emt 0:02:47]} 9. Bb2 {[%emt 0:00:11] LiveBook: 8 Games} Rb8 {[%emt 0:07:15] A38: Symmetrical English vs ...g6: 4 Bg2 Bg7 5 Nf3 Nf6} (9... Nxc3 10. Bxc3 Bxc3 11. dxc3 Bf5 12. Qxd8 Rfxd8 13. Rfd1 Rxd1+ 14. Rxd1 Rd8 15. Rxd8+ Nxd8 16. Kf1 Be4 17. Ke1 Kf8 18. Kd2 f6 19. Ne1 Bxg2 20. Nxg2 {½-½ (20) Zlatilov,I (2332)-Kukov,V (2357) Bosilegrad 2009}) 10. a3 $146 {[%emt 0:05:16]} ({Predecessor:} 10. Rc1 h6 11. Na4 b6 12. Bxg7 Kxg7 13. d4 Be6 14. dxc5 b5 15. Nc3 Nxc3 16. Rxc3 Qa5 17. Rc2 {0-1 (59) Gelsok,P (1728)-Kohler,O (1992) Bad Godesberg 2013}) 10... f5 {[%emt 0:06:13]} 11. Qc2 {[%emt 0:02:21]} (11. b4 $5) 11... Nxc3 {[%emt 0:11:48]} 12. Bxc3 {[%emt 0:01:35]} Nd4 {[%emt 0:01:13]} 13. Bxd4 {[%emt 0:06:41]} cxd4 {[%emt 0:01:28]} 14. Qc4+ {[%emt 0:02:40]} e6 {[%emt 0:02:13]} 15. d3 {[%emt 0:00:46]} b5 {[%emt 0:02:53]} (15... Rf7 $11) 16. Qc1 {[%emt 0:03:22]} (16. Qc5 $14) 16... e5 {[%emt 0:04:57]} 17. Qc5 {[%emt 0:03:38]} Qb6 {[%emt 0:05:14]} 18. Rac1 {[%emt 0:03:10]} e4 {[%emt 0:08:06]} 19. dxe4 {[%emt 0:01:56]} fxe4 {[%emt 0:01:31]} 20. Ng5 {[%emt 0:01:56]} Qxc5 {[%emt 0:05:17]} 21. Rxc5 {[%emt 0:00:08]} e3 {[%emt 0:01:06]} 22. Bd5+ {[%emt 0:02:30]} Kh8 {[%emt 0:01:29] [#]} 23. Nf7+ $2 {[%emt 0:01:57]} (23. fxe3 $1 $18 Bf5 24. Nf7+ Rxf7 25. Bxf7) 23... Kg8 $2 {[%emt 0:02:19]} (23... Rxf7 $1 $11 24. Bxf7 Bh3) 24. fxe3 {[%emt 0:00:11]} Bb7 {[%emt 0:04:27] [#]} 25. Nh6+ {[%emt 0:23:26]} (25. Be6 $1 $18) 25... Kh8 $16 1/2-1/2

[Event "9. Korbacher Open 2017"]
[Site "Korbach"]
[Date "2017.10.20"]
[Round "2"]
[White "Wuestehube, Harry"]
[Black "Deutsch, Christoph"]
[Result "1/2-1/2"]
[WhiteElo "1906"]
[BlackElo "1755"]
[Annotator "NA RC"]
[PlyCount "71"]
[EventDate "2017.??.??"]
[EventType "swiss"]
[EventCountry "GER"]
[SourceTitle "playchess.com"]
[Source "ChessBase"]
[SourceQuality "1"]
[TimeControl "40/5400+30:1800+30"]

{[%evp 8,71,20,8,23,26,23,18,6,20,25,24,21,29,31,40,56,29,47,31,34,22,42,45,52,25,39,37,42,44,32767,32767,32767,32767,32767,25,26,25,34,29,21,18,40,26,42,47,59,59,135,27,36,35,162,41,29,27,50,21,39,43,46,30,48,0,44,34]} 1. e4 {[%emt 0:00:00]} e5 {[%emt 0:00:21]} 2. Nf3 {[%emt 0:00:00]} Nc6 {[%emt 0:00:28]} 3. Bb5 {[%emt 0:00:00]} Nf6 {[%emt 0:00:25]} 4. d3 {[%emt 0:00:43]} d6 {[%emt 0:00:42]} 5. h3 {[%emt 0:04:54]} Be7 {[%emt 0:01:14]} 6. c3 {[%emt 0:00:39]} O-O {[%emt 0:02:00]} 7. O-O {[%emt 0:00:13]} a6 {[%emt 0:02:00]} 8. Ba4 {[%emt 0:00:15]} b5 {[%emt 0:01:13]} 9. Bc2 {[%emt 0:00:17]} Re8 {[%emt 0:01:01] C77: Ruy Lopez: 3...a6 4 Ba4 Nf6, unusual lines} 10. Re1 {[%emt 0:04:28] LiveBook: 7 Games} h6 {[%emt 0:02:24]} 11. Nbd2 {[%emt 0:01:11]} Bf8 {[%emt 0:01:00]} 12. Nf1 {[%emt 0:01:44]} (12. a4 b4 13. a5 Rb8 14. Nc4 g6 15. Bd2 bxc3 16. bxc3 Bg7 17. d4 exd4 18. cxd4 Nb4 19. Bb1 {1-0 (34) Nepomniachtchi,I (2742)-Inarkiev,E (2707) Geneve 2017}) 12... Ne7 {[%emt 0:01:32]} 13. Ng3 {[%emt 0:06:13]} Ng6 {[%emt 0:02:25]} 14. a4 {[%emt 0:03:36]} Bd7 {[%emt 0:03:11]} 15. d4 {[%emt 0:05:09]} c5 {[%emt 0:04:04]} 16. d5 $146 {[%emt 0:07:54]} ({Predecessor:} 16. dxc5 dxc5 17. axb5 axb5 18. Rxa8 Qxa8 19. Nf5 {½-½ (34) Vasek,V-Albertovic,L Morava 1996}) 16... Qc7 {[%emt 0:05:43]} 17. Be3 {[%emt 0:03:11]} Rec8 {[%emt 0:04:13]} 18. Qd2 {[%emt 0:01:31]} Rab8 {[%emt 0:15:29]} 19. axb5 {[%emt 0:01:37]} axb5 {[%emt 0:00:27]} 20. Rec1 {[%emt 0:07:29]} b4 {[%emt 0:02:49]} 21. Ba4 {[%emt 0:08:30]} bxc3 {[%emt 0:06:37]} 22. bxc3 {[%emt 0:00:51]} Ra8 {[%emt 0:00:35]} 23. Bxd7 {[%emt 0:01:14]} Qxd7 {[%emt 0:00:52]} 24. Qc2 {[%emt 0:03:53]} Rcb8 {[%emt 0:05:05]} 25. c4 {[%emt 0:05:12]} Kh7 {[%emt 0:02:24]} 26. Ne2 {[%emt 0:05:44]} Ne7 {[%emt 0:04:54]} 27. Nc3 {[%emt 0:00:25]} Nc8 {[%emt 0:00:43] [#]} (27... Kg8 $14) 28. Rxa8 {[%emt 0:04:10]} (28. Bxc5 $1 $16 Qc7 29. Nxe5 dxe5 30. Bxf8) 28... Rxa8 {[%emt 0:00:16]} 29. Rb1 {[%emt 0:01:02]} Na7 {[%emt 0:01:16]} (29... Ra6 $11) 30. Qb3 {[%emt 0:04:04]} (30. Qa2 $16) 30... Nc8 {[%emt 0:02:02]} 31. Nd2 {[%emt 0:03:38]} Qa7 {[%emt 0:01:48]} 32. Qb7 {[%emt 0:04:12]} Nd7 {[%emt 0:01:30]} 33. Qc6 {[%emt 0:04:42]} Ndb6 {[%emt 0:03:25]} 34. Nb5 {[%emt 0:04:11]} Qe7 {[%emt 0:01:38]} 35. Nc3 {[%emt 0:01:53]} Qa7 $14 36. Qe8 1/2-1/2

[Event "9. Korbacher Open 2017"]
[Site "Korbach"]
[Date "2017.10.20"]
[Round "2"]
[White "Goetz, Jan"]
[Black "Naujocks, Christian"]
[Result "1-0"]
[WhiteElo "1890"]
[BlackElo "1654"]
[Annotator "NA RC"]
[PlyCount "51"]
[EventDate "2017.??.??"]
[EventType "swiss"]
[EventCountry "GER"]
[SourceTitle "playchess.com"]
[Source "ChessBase"]
[SourceQuality "1"]
[TimeControl "40/5400+30:1800+30"]

{[%evp 8,51,15,10,19,17,14,14,12,15,27,29,62,30,23,29,58,47,56,56,55,43,69,49,33,25,18,32767,32767,32767,32767,32767,32,3,32767,-3,34,17,337,346,29992,29993,29993,29994,29996,29995]} 1. d4 {[%emt 0:00:00]} d5 {[%emt 0:00:30]} 2. c4 {[%emt 0:00:30]} e6 {[%emt 0:00:30]} 3. Nc3 {[%emt 0:00:30]} Nf6 {[%emt 0:00:34]} 4. Bg5 {[%emt 0:00:00]} Be7 {[%emt 0:00:20]} 5. e3 {[%emt 0:02:27]} O-O {[%emt 0:00:37]} 6. cxd5 {[%emt 0:00:16]} exd5 {[%emt 0:00:32]} 7. Bd3 {[%emt 0:00:36]} h6 {[%emt 0:00:36] LiveBook: 120 Games} 8. Bh4 {[%emt 0:00:29]} Be6 {[%emt 0:00:22]} 9. Nge2 {[%emt 0:00:27] D35: Queen's Gambit Declined: Exchange Variation} Nbd7 {[%emt 0:02:52]} (9... c5 10. dxc5 Bxc5 11. O-O Nc6 12. Nf4 Bd6 13. Bxf6 Qxf6 14. Ncxd5 Bxd5 15. Nxd5 Qxb2 16. Rb1 Qxa2 17. Rxb7 {1-0 (30) Sasikiran,K (2652)-Bacrot,E (2729) Corsica 2005}) 10. Qc2 {[%emt 0:00:45]} Nb6 {[%emt 0:01:13]} 11. Nf4 {[%emt 0:07:30]} Rc8 {[%emt 0:04:57]} 12. O-O {[%emt 0:11:26]} c5 $146 {[%emt 0:04:57]} ({Predecessor:} 12... Ng4 13. Bxe7 Qxe7 14. Qe2 Qd6 15. Nb5 Qe7 16. Nxa7 {1-0 (52) Conrad,E (1534)-Trienens,T (1460) Homburg 2010}) 13. dxc5 {[%emt 0:01:31]} Rxc5 {[%emt 0:05:40]} 14. Qb3 {[%emt 0:07:37]} a6 {[%emt 0:14:04]} 15. Rfd1 {[%emt 0:02:19]} Qc7 {[%emt 0:04:07]} 16. Be2 {[%emt 0:03:45]} g5 {[%emt 0:09:41]} 17. Nxe6 {[%emt 0:01:10]} fxe6 {[%emt 0:00:11]} 18. Bg3 {[%emt 0:00:15]} Bd6 {[%emt 0:04:18]} 19. Bxd6 {[%emt 0:01:36]} Qxd6 {[%emt 0:00:11]} 20. Rd2 {[%emt 0:00:43]} Qc7 {[%emt 0:05:37]} 21. Rad1 {[%emt 0:06:51]} Nbd7 {[%emt 0:03:06]} 22. e4 {[%emt 0:05:09]} Nxe4 $2 {[%emt 0:08:32]} ({Black should try} 22... Rxc3 $14 23. Qxc3 Qxc3 24. bxc3 Nxe4) 23. Nxe4 {[%emt 0:00:16]} dxe4 $2 {[%emt 0:01:59]} (23... Rc6 $18 24. Qh3 Kg7) 24. Qxe6+ {[%emt 0:00:15]} Kh8 {[%emt 0:01:13]} 25. Rxd7 {[%emt 0:00:02]} Rc6 {[%emt 0:01:38]} 26. Qxe4 {[%emt 0:01:02]} 1-0

[Event "9. Korbacher Open 2017"]
[Site "Korbach"]
[Date "2017.10.20"]
[Round "2"]
[White "Launert, Martin"]
[Black "Stahnke, Thorsten"]
[Result "1-0"]
[WhiteElo "1879"]
[BlackElo "2026"]
[Annotator "NA RC"]
[PlyCount "47"]
[EventDate "2017.??.??"]
[EventType "swiss"]
[EventCountry "GER"]
[SourceTitle "playchess.com"]
[Source "ChessBase"]
[SourceQuality "1"]
[TimeControl "40/5400+30:1800+30"]

{[%evp 8,47,10,1,10,-13,-14,-13,28,-29,8,304,4,-30,-16,-52,-16,-26,39,-10,0,-31,-13,-41,32767,32767,32767,35,32767,187,32767,32767,32767,339,500,568,575,642,777,789,2095,2339]} 1. e4 {[%emt 0:00:00]} c5 {[%emt 0:00:16]} 2. Nf3 {[%emt 0:00:00]} Nc6 {[%emt 0:00:17]} 3. d4 {[%emt 0:00:00]} cxd4 {[%emt 0:00:08]} 4. Nxd4 {[%emt 0:00:00]} g6 {[%emt 0:00:15]} 5. Nxc6 {[%emt 0:01:59]} bxc6 {[%emt 0:00:10]} 6. Qd4 {[%emt 0:00:15]} Nf6 {[%emt 0:00:14] LiveBook: 43 Games} 7. e5 {[%emt 0:01:25]} Ng8 {[%emt 0:00:08]} 8. e6 {[%emt 0:01:25]} Nf6 $1 {[%emt 0:00:17]} 9. exf7+ {[%emt 0:01:05]} Kxf7 {[%emt 0:00:09]} 10. Be2 {[%emt 0:08:07] B34: Sicilian: Accelerated Dragon with 5 Nc3: sidelines} Bg7 {[%emt 0:01:17]} 11. Qh4 {[%emt 0:07:47]} Qb6 {[%emt 0:04:30]} 12. O-O {[%emt 0:05:25]} e5 $146 {[%emt 0:03:06]} ({Predecessor:} 12... d5 $11 13. Nd2 Bf5 14. Nf3 Rhe8 15. b3 e5 16. Bb2 Qc7 17. Bd3 e4 {½-½ (42) Bakhtadze,G (2384)-Popov,V (2582) Tula 1999}) 13. b3 {[%emt 0:03:18]} d5 {[%emt 0:01:22]} 14. Bh6 {[%emt 0:05:01]} Bf5 {[%emt 0:02:59]} 15. c4 {[%emt 0:14:50]} Bxh6 {[%emt 0:28:07]} 16. Qxh6 {[%emt 0:00:04]} Bxb1 {[%emt 0:01:49]} 17. Raxb1 {[%emt 0:01:37]} d4 {[%emt 0:00:31] [#]} 18. b4 $1 {[%emt 0:08:35]} Rad8 {[%emt 0:06:51]} 19. c5 {[%emt 0:01:37]} Qc7 {[%emt 0:01:15]} 20. Bc4+ {[%emt 0:00:34]} Nd5 {[%emt 0:00:10]} 21. f4 {[%emt 0:01:26]} Ke8 {[%emt 0:14:08]} 22. fxe5 {[%emt 0:02:53]} Ne3 {[%emt 0:00:22]} 23. Bf7+ {[%emt 0:04:41]} Kd7 {[%emt 0:00:57]} 24. Qh3+ $18 {[%emt 0:02:23]} 1-0

[Event "9. Korbacher Open 2017"]
[Site "Korbach"]
[Date "2017.10.20"]
[Round "2"]
[White "Trienekens, Tjark"]
[Black "Sakhra, Roman"]
[Result "1-0"]
[WhiteElo "1865"]
[BlackElo "1489"]
[Annotator "NA RC"]
[PlyCount "51"]
[EventDate "2017.??.??"]
[EventType "swiss"]
[EventCountry "GER"]
[SourceTitle "playchess.com"]
[Source "ChessBase"]
[SourceQuality "1"]
[TimeControl "40/5400+30:1800+30"]

{[%evp 8,51,12,21,42,28,40,-17,-6,-10,74,85,93,104,143,115,159,162,222,32767,32767,108,113,3,4,0,1,0,29,0,513,524,509,513,993,1187,1039,972,1781,1754,1488,1257,1208,1365,1085,1552]} 1. e4 {[%emt 0:02:48]} e5 {[%emt 0:00:04]} 2. Nf3 {[%emt 0:00:15]} Nc6 {[%emt 0:00:03]} 3. Bc4 {[%emt 0:00:11]} Bc5 {[%emt 0:00:12]} 4. c3 {[%emt 0:00:19]} Nf6 {[%emt 0:00:06]} 5. d3 {[%emt 0:00:08]} h6 {[%emt 0:01:11]} 6. b4 {[%emt 0:06:09]} Bb6 {[%emt 0:00:15]} 7. b5 {[%emt 0:01:15]} Na5 $1 {[%emt 0:18:37] C54: Giuoco Piano: 4 c3 Nf6, main lines with 5 d4 and 5 d3} 8. Nxe5 {[%emt 0:03:37]} Nxc4 {[%emt 0:00:30]} (8... O-O $11 {keeps the balance.}) (8... d5 9. exd5 Nxc4 10. Nxc4 Qxd5 11. O-O Qxb5 12. a4 Qd5 13. Re1+ Be6 14. a5 Bc5 15. Re5 Qc6 16. a6 b6 17. Ba3 {½-½ (17) Biti,O (2370)-Hodak,S (2169) Bosnjaci 2011}) 9. Nxc4 {[%emt 0:00:23]} d6 {[%emt 0:00:36]} 10. O-O {[%emt 0:03:35]} Be6 {[%emt 0:01:24]} 11. Nbd2 {[%emt 0:03:50]} Ng4 $146 {[%emt 0:05:14]} ({Predecessor:} 11... O-O 12. Qf3 Re8 13. Re1 Qd7 14. Nxb6 axb6 15. c4 {1-0 (26) Sokolova,E-Bogdanova,M Russia 2004}) 12. d4 {[%emt 0:08:57]} Qh4 {[%emt 0:19:56]} 13. Nf3 {[%emt 0:17:43]} Qh5 {[%emt 0:04:45]} 14. Nxb6 {[%emt 0:05:33]} axb6 {[%emt 0:00:57]} 15. e5 {[%emt 0:00:32]} (15. Re1 $16) 15... dxe5 {[%emt 0:01:50]} 16. h3 {[%emt 0:02:32]} Nf6 {[%emt 0:01:50]} 17. dxe5 {[%emt 0:01:14]} Nd7 {[%emt 0:01:16]} 18. Re1 {[%emt 0:05:54]} (18. Nd4 $14 Qxe5 19. Re1) 18... Rxa2 $2 {[%emt 0:10:35]} (18... O-O $11 {and Black stays safe.}) 19. Rxa2 {[%emt 0:01:54]} Bxa2 20. Qa4 {[%emt 0:01:56]} Bd5 {[%emt 0:11:25]} 21. Qa8+ {[%emt 0:03:36]} Ke7 {[%emt 0:00:13]} 22. Qxh8 {[%emt 0:00:28]} Qg6 {[%emt 0:02:38]} 23. Nh4 {[%emt 0:11:40]} Qh5 {[%emt 0:00:16]} 24. e6 {[%emt 0:00:25]} Bxe6 25. Ba3+ {[%emt 0:01:11]} Nc5 {[%emt 0:10:32]} 26. Nf3 $18 {[%emt 0:01:01]} 1-0

[Event "9. Korbacher Open 2017"]
[Site "Korbach"]
[Date "2017.10.20"]
[Round "2"]
[White "Koerber, Thomas"]
[Black "Kirchner, Markus"]
[Result "1-0"]
[WhiteElo "1857"]
[BlackElo "1884"]
[Annotator "NA RC"]
[PlyCount "83"]
[EventDate "2017.??.??"]
[EventType "swiss"]
[EventCountry "GER"]
[SourceTitle "playchess.com"]
[Source "ChessBase"]
[SourceQuality "1"]
[TimeControl "40/5400+30:1800+30"]

{[%evp 8,83,-37,-49,-43,-43,-33,-93,-92,-91,-87,-93,-98,-99,-90,-90,-24,-31,-36,-27,0,-43,-37,-46,-28,-29,-31,-22,-2,0,0,-19,0,0,-6,0,0,0,0,0,0,0,32767,32767,32767,32767,32767,0,35,0,97,96,93,0,23,-4,152,116,147,134,129,154,131,113,120,160,106,209,300,186,242,211,266,235,225,273,288,300]} 1. Nf3 {[%emt 0:06:01]} f5 {[%emt 0:01:07]} 2. d4 {[%emt 0:01:19]} Nf6 {[%emt 0:00:15]} 3. Bg5 {[%emt 0:01:47]} Ne4 {[%emt 0:00:23] A80: Dutch Defence: Unusual White second moves} (3... e6 4. Nbd2 Be7 5. e3 b6 6. Bd3 Bb7 7. Bxf6 Bxf6 8. e4 fxe4 9. Bxe4 d5 10. Bd3 O-O 11. O-O Nc6 12. c3 Qd6 13. Re1 {0-1 (36) Andreikin,D (2705)-Kamsky,G (2676) Sochi 2017}) 4. Nbd2 {[%emt 0:01:37]} Nxg5 {[%emt 0:00:47]} 5. Nxg5 {[%emt 0:00:10]} e5 {[%emt 0:02:52]} 6. Ngf3 {[%emt 0:03:24]} e4 {[%emt 0:00:38]} 7. Ne5 {[%emt 0:00:07]} (7. Ng1 $1 $15) 7... d6 {[%emt 0:00:16]} 8. Nec4 {[%emt 0:00:07]} d5 $146 {[%emt 0:01:48]} ({Predecessor:} 8... Nd7 9. Ne3 Nf6 10. c3 f4 11. Nec4 {0-1 (26) Schaefer,E (1976)-De Smet,K (2204) ICCF email 2006}) 9. Ne5 {[%emt 0:00:31]} Bd6 {[%emt 0:00:51]} 10. e3 {[%emt 0:03:21]} O-O {[%emt 0:01:29]} 11. f4 {[%emt 0:02:55]} Bxe5 {[%emt 0:01:04]} (11... c5 $17 12. c3 Be6) 12. dxe5 {[%emt 0:00:22]} c5 {[%emt 0:02:49]} 13. Nb3 {[%emt 0:02:59]} Be6 {[%emt 0:02:51]} 14. c3 {[%emt 0:02:08]} (14. c4 $5) 14... b6 {[%emt 0:00:40]} 15. Qc2 {[%emt 0:00:52]} Nc6 {[%emt 0:01:58]} 16. Bb5 {[%emt 0:00:49]} Qc7 {[%emt 0:02:11]} 17. Rd1 {[%emt 0:02:35]} c4 {[%emt 0:01:13]} 18. Nc1 $1 {[%emt 0:04:03]} Nd8 {[%emt 0:01:19]} 19. Qf2 {[%emt 0:02:56]} a6 {[%emt 0:03:15]} 20. Ba4 {[%emt 0:00:07]} b5 {[%emt 0:02:02]} 21. Bc2 {[%emt 0:00:07]} a5 {[%emt 0:00:37]} 22. O-O {[%emt 0:01:26]} Nc6 {[%emt 0:09:57]} 23. Ne2 {[%emt 0:01:01]} Rfd8 {[%emt 0:00:35]} 24. Rd2 {[%emt 0:04:08]} Rd7 {[%emt 0:05:28]} 25. Rfd1 {[%emt 0:02:15]} Rad8 {[%emt 0:01:04]} 26. h3 {[%emt 0:03:26]} Qb6 {[%emt 0:05:23]} 27. Kh2 {[%emt 0:04:34]} Rf8 {[%emt 0:03:14]} 28. Rb1 {[%emt 0:02:57]} Ra7 {[%emt 0:03:07] [#]} (28... g6 $11 {remains equal.}) 29. b3 $1 {[%emt 0:01:23]} Qc5 {[%emt 0:05:07] [#]} 30. Rc1 {[%emt 0:04:22]} (30. bxc4 $1 $16 Qxc4 31. Bd1) 30... Qa3 {[%emt 0:05:53]} 31. Bd1 {[%emt 0:01:17]} b4 $2 {[%emt 0:05:32] [#]} ({Better is} 31... Raa8 $11) 32. bxc4 $1 {[%emt 0:04:05]} dxc4 {[%emt 0:01:39]} 33. Rd6 {[%emt 0:00:18]} Nd8 {[%emt 0:00:52]} 34. Rc2 {[%emt 0:01:05]} b3 {[%emt 0:03:34]} 35. axb3 {[%emt 0:02:12]} cxb3 {[%emt 0:01:00]} 36. Rcd2 {[%emt 0:00:11]} b2 {[%emt 0:02:50]} 37. Bc2 {[%emt 0:01:37]} Bb3 {[%emt 0:05:46]} (37... Ra8 $16 {was necessary.}) 38. Bb1 {[%emt 0:05:21]} ({But not} 38. Rxd8 $2 Bxc2 39. Qh4 b1=Q $19) 38... Nf7 {[%emt 0:07:36]} (38... Ne6 $142) 39. Rb6 {[%emt 0:01:02]} a4 {[%emt 0:01:02] [#]} 40. Nd4 $1 {[%emt 0:00:18]} Qc5 {[%emt 0:30:58]} 41. Rc6 {[%emt 0:31:16]} Qa5 {[%emt 0:00:28]} 42. Rxb2 $18 {[%emt 0:00:22]} 1-0

[Event "9. Korbacher Open 2017"]
[Site "Korbach"]
[Date "2017.10.20"]
[Round "2"]
[White "Basovskiy, Jana"]
[Black "Andersen, Lars Christoff"]
[Result "0-1"]
[WhiteElo "1825"]
[BlackElo "2107"]
[Annotator "TA"]
[PlyCount "86"]
[EventDate "2017.??.??"]
[EventType "swiss"]
[EventCountry "GER"]
[SourceTitle "playchess.com"]
[Source "ChessBase"]
[SourceQuality "1"]

{[%evp 18,86,16,-2,57,38,55,0,55,17,78,-10,28,10,8,8,10,-19,-14,-27,-33,-124,-124,-134,-129,-234,-214,-291,-301,-301,-231,-231,-196,-206,-127,-94,-67,-81,-65,-69,-37,-48,-13,-11,0,-8,-17,-49,-56,-37,-49,-115,-41,-39,-41,-173,-166,-329,-331,-310,-210,-440,-455,-487,-481,-418,-423,-422,-365,-1181,-1158]} 1. e4 e6 2. d4 d5 3. Nc3 Nf6 4. Bg5 Be7 5. e5 Nfd7 6. Bxe7 Qxe7 7. f4 O-O 8. Nf3 c5 9. Bd3 f6 10. dxc5 {LiveBook: 7 Games} Qxc5 {C14: French: Classical System: 4 Bg5 Be7 main line} (10... fxe5 $11 11. fxe5 Nc6) (10... Nc6 11. Qe2 fxe5 12. fxe5 Nxc5 13. O-O-O Bd7 14. h4 Nxd3+ 15. Qxd3 Be8 16. h5 Nxe5 17. Nxe5 Qg5+ 18. Kb1 Qxe5 19. Rde1 Qf5 20. Qd1 Rf6 21. Rh3 Qg5 22. Qe2 Bc6 23. Nb5 e5 24. Re3 e4 25. Nd4 Raf8 26. g4 Bd7 {0-1 (26) Matinian,N (2380)-Danin,A (2527) Moscow 2010}) 11. Qe2 $14 Nc6 12. O-O-O (12. exf6 $14 Nxf6 13. O-O-O) 12... a6 (12... Qb4 $11 13. g3 fxe5) 13. Qe1 $146 ({Predecessor:} 13. Rhf1 b5 14. Ng5 fxg5 15. Qh5 g6 16. Bxg6 Qe7 17. Rf3 Ndxe5 18. fxe5 Rxf3 19. gxf3 hxg6 20. Qxg6+ {0-1 (27) Plhal,P-Boukal,P Cihak 1969}) 13... fxe5 (13... Nb4 $11) 14. fxe5 (14. Ng5 $16 Rf6 15. Bxh7+ Kh8 16. Bd3) 14... Qb4 15. Qg3 Qf4+ 16. Qxf4 Rxf4 17. Rde1 Nc5 $36 {[%mdl 2048] Black is pushing.} 18. Rhf1 Bd7 19. g3 (19. Kd2 $15) 19... Nxd3+ $17 20. cxd3 Rf5 21. Nd2 (21. Nh4 $17 Rxf1 22. Rxf1) 21... Nxe5 $19 ({Much less strong is} 21... Rxe5 22. Nb3 $17) 22. Rxf5 Nxd3+ 23. Kd1 exf5 24. Re7 Bc6 ({And not} 24... Nxb2+ 25. Kc2 $14) 25. Kc2 Nc5 {Strongly threatening ...d4.} 26. Re5 Ne4 27. Rxf5 Nf6 {aiming for ...d4.} 28. Kd3 b5 {[%cal Bb7b5,Bb5b4][%mdl 32]} 29. Kd4 Kf7 30. Nb3 g6 {[%cal Bg7g6,Bg6g5][%mdl 32]} 31. Rf4 b4 32. Ne2 Re8 33. Nec1 g5 34. Rf1 ({White should play} 34. Rf3 $15) 34... Re4+ ({Better is} 34... Bb5 $17 35. Rd1 Ng4) 35. Kc5 $15 Rc4+ 36. Kd6 (36. Kb6 $15) 36... Bb5 $19 {[#] Threatens to win with ...Rc6+.} 37. Rf2 $2 (37. Nc5 {was worth a try.}) 37... Kg6 38. Rf3 Rc2 39. Ke5 $2 (39. h3) 39... Ng4+ 40. Ke6 {White hopes to continue with h3.} Nxh2 41. Rf6+ Kg7 42. Rf7+ Kg8 {[#] White must now prevent ...Rc6+.} 43. Ke7 $2 (43. Re7) 43... Rc7+ {Precision: White = 18%, Black = 37%.} 0-1